000 00323nam a2200133Ia 4500
008 191201s1998 xx 000 0 und d
082 _a621.3
_bGUE
100 _aGUPTA, J.B
245 0 _aElectrical Technology
260 _aN.Delhi
_bNew Age International
_c1998
300 _a926
650 _aB.Tech(ECE)
942 _2ddc
_cBK
999 _c3202
_d3202